[Event "XXV OOM - Mistrzostwa Polski Juniorow Mlodszych - Dziewczeta do lat 14"]
[Site "Sielpia"]
[Date "1899-12-30"]
[Round "8.4"]
[White "Kucharska, Helena"]
[Black "Mroz, Lena"]
[Result "0-1"]
[WhiteTitle "I"]
[BlackTitle "I++"]
[WhiteElo "1385"]
[BlackElo "1573"]

1. e4 c5 2. Nf3 e6 3. d4 cxd4 4. Nxd4 a6 5. Bd3 Qc7 6. Qe2 d6 7. O-O Nf6 8. c4
Be7 9. Nc3 b6 10. f4 Nbd7 11. Kh1 Bb7 12. Bd2 O-O 13. Rae1 Nc5 14. Bc2 Rac8 15.
e5 dxe5 16. fxe5 Ne8 17. b4 Nd7 18. Bxh7+ Kxh7 19. Qh5+ Kg8 20. Re3 f6 21. Rh3
Qxe5 22. Qh7+ Kf7 23. Nf3 Bxf3 24. Rfxf3 Bxb4 25. Rh5 Qc7 26. Rh4 Bxc3 27. Bxc3
Qc5 28. Rd4 Nb8 29. Rfd3 Rc7 30. Rf4 Qg5 31. Rf1 Rxc4 32. Qh3 Qg4 33. Qe3 Rc6
34. h3 Qc4 35. Qg3 Rc8 36. Qf3 Kg8 37. Bb2 Qxa2 38. Rb3 Qa5 39. Qe3 Rc6 40. Ba3
Rf7 41. Rd1 Rd7 42. Rxd7 Nxd7 43. Rd3 Nc5 44. Rd8 Kf7 45. Qf3 Qe1+ 46. Kh2 Qe5+
47. Kh1 Rd6 48. Ra8 Qd5 49. Ra7+ Rd7 50. Rxd7+ Nxd7 51. Qe2 Nc5 52. Bxc5 bxc5
53. Qxa6 Qd1+ 54. Kh2 Qd6+ 55. Qxd6 Nxd6 0-1

[Event "XXV OOM - Mistrzostwa Polski Juniorow Mlodszych - Dziewczeta do lat 14"]
[Site "Sielpia"]
[Date "1899-12-30"]
[Round "8.5"]
[White "Miranowska, Anna"]
[Black "Goraj, Barbara"]
[Result "0-1"]
[WhiteTitle "I"]
[BlackTitle "I++"]
[WhiteElo "1331"]
[BlackElo "1824"]

1. d4 Nf6 2. c4 g6 3. Nc3 Bg7 4. e4 d6 5. Nf3 O-O 6. h3 e5 7. dxe5 dxe5 8. Be3
Qe7 9. Nd5 Nxd5 10. cxd5 c6 11. Bc4 Qb4+ 12. Nd2 Bd7 13. O-O b5 14. Bb3 Na6 15.
Rc1 Rac8 16. dxc6 Bxc6 17. a3 Qe7 18. Qe2 Qb7 19. f3 Rfd8 20. Qf2 Rd7 21. Rc2
Rdc7 22. Rfc1 Nb8 23. Kh2 Rd7 24. Bd5 Rdc7 25. Bb3 Bf8 26. Qg1 Bd6 27. Qf2 Rd7
28. Bd5 Rcc7 29. Bb3 Qc8 30. Qg1 Kg7 31. Qf2 Qd8 32. Kh1 Qe7 33. Bc5 Bxc5 34.
Rxc5 Ba8 35. Rxc7 Rxc7 36. Rxc7 Qxc7 37. Nf1 Nd7 38. Qc2 Qc5 39. Qxc5 Nxc5 40.
Bc2 Bc6 41. b4 Ne6 42. Ne3 Nd4 43. Bd3 Kf6 44. Kh2 Ke6 45. Kg3 f6 46. h4 Kd6 47.
Kf2 Ne6 48. Ng4 Ke7 49. Ne3 Nc7 50. Nd5+ Bxd5 51. exd5 Kd6 52. h5 gxh5 53. Bxh7
Nxd5 54. Bd3 a6 55. g3 Nb6 56. Bg6 Nc4 57. Bxh5 Nxa3 58. Bf7 Nc2 59. f4 exf4 60.
gxf4 Nxb4 61. Ke3 Nd5+ 62. Ke4 Ne7 63. Kd4 f5 64. Bb3 Nc6+ 65. Kc3 Kc5 66. Bc2
Nd4 67. Bd3 a5 68. Kb2 Kb4 69. Bb1 a4 70. Ka2 a3 71. Bd3 Ka4 72. Bf1 b4 73. Bc4
b3+ 74. Kb1 Kb4 75. Bf7 Kc3 76. Bxb3 Kxb3 77. Ka1 Nc2+ 78. Kb1 a2+ 79. Kc1 a1=Q+
0-1

[Event "XXV OOM - Mistrzostwa Polski Juniorow Mlodszych - Dziewczeta do lat 14"]
[Site "Sielpia"]
[Date "1899-12-30"]
[Round "8.6"]
[White "Obrochta, Lena"]
[Black "Lukasik, Zuzanna"]
[Result "1-0"]
[WhiteTitle "I+"]
[BlackTitle "I++"]
[WhiteElo "1704"]
[BlackElo "1618"]

1. e4 c5 2. Nf3 e6 3. d4 cxd4 4. Nxd4 a6 5. Bd3 Nf6 6. O-O d6 7. f4 g6 8. Kh1 Bg7
9. Nf3 Nc6 10. Nc3 O-O 11. Bd2 Qc7 12. Qe1 b5 13. Qh4 Qd8 14. f5 Nd7 15. Bg5 Bf6
16. a3 Bb7 17. Nd1 exf5 18. exf5 Nce5 19. Bxf6 Nxf6 20. Ng5 Nxd3 21. cxd3 Qd7
22. Nc3 Kg7 23. fxg6 fxg6 24. Rxf6 Kxf6 25. Rf1+ Ke7 26. Qxh7+ 1-0

[Event "XXV OOM - Mistrzostwa Polski Juniorow Mlodszych - Dziewczeta do lat 14"]
[Site "Sielpia"]
[Date "1899-12-30"]
[Round "8.7"]
[White "Hertlein, Irena"]
[Black "Bychowska, Marta"]
[Result "1-0"]
[WhiteTitle "I+"]
[BlackTitle "II"]
[WhiteElo "1713"]
[BlackElo "1235"]

1. e4 c5 2. Nf3 d6 3. d4 cxd4 4. Nxd4 Nf6 5. Nc3 a6 6. Bg5 e6 7. f4 Be7 8. Qf3
Qb6 9. Nb3 Nc6 10. O-O-O Bd7 11. Be2 h6 12. Bxf6 gxf6 13. Kb1 O-O-O 14. Nd2 Nd4
15. Qf2 Qc5 16. Nf3 Nxe2 17. Qxe2 Bc6 18. Nd4 Rhg8 19. g3 Be8 20. f5 e5 21. Nd5
Rd7 22. Nb3 Qa7 23. Qh5 Rh8 24. Nxe7+ Rxe7 25. Rxd6 Qe3 26. Qh4 Qg5 27. Rxf6 Qxh4
28. gxh4 Bc6 29. Nc5 Kc7 30. Rd1 h5 31. b3 Rh7 32. Rdd6 Rg7 33. Nxa6+ Kc8 34.
Rh6 Re8 35. Nc5 Rg4 36. Rxh5 Bxe4 37. Nxe4 Rxe4 38. f6 Re1+ 39. Kb2 Kc7 40. Rd5
Kc6 41. Ra5 b6 42. Ra7 Rf8 43. Rh7 e4 44. Raxf7 Rxf7 45. Rxf7 Kd6 46. Re7 e3 47.
h5 e2 48. h6 Rf1 49. h7 Rxf6 50. h8=Q Kxe7 51. Qh4 Kd7 52. Qe1 Re6 53. Kc3 b5
54. Kd2 Rd6+ 55. Kxe2 Re6+ 56. Kf1 Rxe1+ 57. Kxe1 Kd6 58. Kd2 Kc5 59. Kd3 Kb4
60. h4 Ka3 1-0

[Event "XXV OOM - Mistrzostwa Polski Juniorow Mlodszych - Dziewczeta do lat 14"]
[Site "Sielpia"]
[Date "1899-12-30"]
[Round "8.8"]
[White "Krzyzosiak, Marta"]
[Black "Bukala, Weronika"]
[Result "1-0"]
[WhiteTitle "I++"]
[BlackTitle "I"]
[WhiteElo "1626"]
[BlackElo "1234"]

1. e4 c5 2. Nf3 Nc6 3. d4 cxd4 4. Nxd4 Nf6 5. Nc3 e5 6. Ndb5 d6 7. Bg5 a6 8. Na3
b5 9. Nd5 Be7 10. Bxf6 Bxf6 11. c4 b4 12. Nc2 a5 13. g3 O-O 14. h4 Be6 15. Bh3
Bxd5 16. exd5 Nd4 17. Nxd4 exd4 18. Qd3 Re8+ 19. Kd2 Re5 20. Rae1 Qc7 21. Rxe5
dxe5 22. Bf5 h6 23. Re1 Rb8 24. Rc1 Qc5 25. b3 Rb7 26. Re1 Rb8 27. Bd7 Rd8 28.
Bc6 Rc8 29. Qf5 Rd8 30. Kd3 Kh8 31. f4 exf4 32. Qxf4 Kg8 33. Re4 Rc8 34. Bb5 Rd8
35. Qf5 Qd6 36. Qf4 Qc5 37. Bc6 Rc8 38. Be8 Kf8 39. Bb5 Rd8 40. d6 Kg8 41. d7
Be7 42. Qe5 Qxe5 43. Rxe5 Kf8 44. c5 Rb8 45. c6 Rxb5 46. Rxb5 Bd8 47. Kxd4 f6
48. Kd5 Ke7 49. Rb7 g5 50. hxg5 fxg5 51. c7 a4 52. cxd8=Q+ Kxd8 53. Kd6 axb3 54.
Rb8# 1-0

[Event "XXV OOM - Mistrzostwa Polski Juniorow Mlodszych - Dziewczeta do lat 14"]
[Site "Sielpia"]
[Date "1899-12-30"]
[Round "8.9"]
[White "Slusarczyk, Milena"]
[Black "Nowak, Roksana"]
[Result "1-0"]
[WhiteTitle "I+"]
[BlackTitle "I"]
[WhiteElo "1509"]
[BlackElo "1356"]

1. e4 e5 2. Nf3 Nc6 3. Bc4 Bc5 4. d3 d6 5. c3 a6 6. Bb3 Ba7 7. O-O h6 8. h3 Nf6
9. Nbd2 g5 10. Nc4 g4 11. hxg4 Bxg4 12. Be3 Bxe3 13. Nxe3 Rg8 14. Nxg4 Nxg4 15.
d4 Qf6 16. Ba4 b5 17. Bb3 Na5 18. Bc2 Qg6 19. Nh4 Qh5 20. g3 Nc6 21. a4 b4 22.
a5 Ne7 23. Qf3 Ng6 24. Qf5 Qxf5 25. Nxf5 bxc3 26. bxc3 Ne7 27. Ba4+ Kf8 28. Nxe7
Kxe7 29. Rab1 Rab8 30. Bc2 Kd7 31. Bd3 Ra8 32. Rb7 exd4 33. cxd4 Nf6 34. Rc1 Rgc8
35. e5 Kd8 36. exf6 Rab8 37. Rxb8 Rxb8 38. Bxa6 Ra8 39. Rc6 Ra7 40. d5 Ra8 41.
Kg2 Ra7 42. Kh3 Ke8 43. Bb5 1-0

[Event "XXV OOM - Mistrzostwa Polski Juniorow Mlodszych - Dziewczeta do lat 14"]
[Site "Sielpia"]
[Date "1899-12-30"]
[Round "8.10"]
[White "Gaczol, Julia"]
[Black "Dallemura, Anna"]
[Result "1-0"]
[WhiteTitle "I"]
[BlackTitle "I"]
[WhiteElo "1394"]
[BlackElo "1482"]

1. e4 e5 2. Nf3 Nc6 3. d4 exd4 4. Nxd4 Bc5 5. Be3 Qf6 6. c3 Nge7 7. Bc4 d6 8. O-O
Ne5 9. Be2 O-O 10. Nd2 a6 11. Kh1 Re8 12. f4 N5g6 13. N2b3 Bb6 14. Qd2 h6 15.
Bd3 Nc6 16. Rf3 Kh8 17. Raf1 Bd7 18. f5 Nge5 19. Rh3 Nxd3 20. Bxh6 Kg8 21. Rg3
g6 22. Qxd3 Qh4 23. Bf4 Ne7 24. Bg5 Qh8 25. Rh3 Qe5 26. Nf3 Qb5 27. c4 Qc6 28.
Qc3 Kf8 29. Bh6+ 1-0

[Event "XXV OOM - Mistrzostwa Polski Juniorow Mlodszych - Dziewczeta do lat 14"]
[Site "Sielpia"]
[Date "1899-12-30"]
[Round "8.11"]
[White "Szczotka, Matylda"]
[Black "Jedrzejko, Martyna"]
[Result "0-1"]
[WhiteTitle "I"]
[BlackTitle "I"]
[WhiteElo "1301"]
[BlackElo "1466"]

1. e4 e6 2. d3 c5 3. Nd2 Nc6 4. Ngf3 g6 5. g3 Bg7 6. Bg2 Nge7 7. O-O O-O 8. Re1
d6 9. c3 b5 10. Nf1 Rb8 11. Rb1 a5 12. Bd2 b4 13. Ne3 Ba6 14. c4 Qd7 15. Ng4 Kh8
16. Qc1 Ng8 17. Nh6 Nce7 18. Nxg8 Nxg8 19. Ng5 h6 20. Nh3 Bb7 21. Nf4 Bc6 22.
Bh3 Qb7 23. Ng2 Kh7 24. Bf4 Rbd8 25. Bd2 Nf6 26. f4 Nd7 27. Qd1 Nb6 28. f5 exf5
29. exf5 Bf3 30. Qc2 Rde8 31. Rxe8 Rxe8 32. Re1 Rxe1+ 33. Nxe1 Bc6 34. fxg6+ fxg6
35. b3 Bd4+ 36. Kf1 Qf7+ 37. Ke2 Qf2+ 38. Kd1 Qxh2 39. Bf1 Qxg3 40. Qc1 g5 41.
Be2 Nd7 42. Nc2 Qg1+ 43. Ne1 Ne5 44. Kc2 Qg3 45. Qd1 Qh3 46. Kc1 Qd7 47. Kc2 a4
48. Qb1 axb3+ 49. axb3 d5 50. cxd5 Bxd5 51. Kc1 g4 52. Bf4 Qf5 53. Bd2 g3 54.
Nc2 g2 55. Nxd4 g1=Q+ 56. Kc2 Qxb1+ 57. Kxb1 cxd4 0-1

[Event "XXV OOM - Mistrzostwa Polski Juniorow Mlodszych - Dziewczeta do lat 14"]
[Site "Sielpia"]
[Date "1899-12-30"]
[Round "8.12"]
[White "Mezykowska, Emilia"]
[Black "Pietrzak, Emilia"]
[Result "1/2-1/2"]
[WhiteTitle "I"]
[BlackTitle "I"]
[WhiteElo "1579"]
[BlackElo "1230"]

1. e4 c5 2. c3 Nf6 3. e5 Nd5 4. d4 cxd4 5. cxd4 e6 6. Nf3 d6 7. Bc4 Nb6 8. Bd3
Nc6 9. Qe2 d5 10. a3 Be7 11. Bc2 Bd7 12. Nc3 h6 13. O-O a6 14. h3 Qc7 15. Rd1
Rc8 16. Rb1 Na7 17. Bd2 Nb5 18. Ra1 Nc4 19. Nxb5 Bxb5 20. Bd3 O-O 21. a4 Nxd2
22. Rxd2 Bxd3 23. Rxd3 Bb4 24. Ne1 Qc6 25. Rg3 Bxe1 26. Qxe1 Qc2 27. Qe3 Kh7 28.
Qb3 Qxb3 29. Rxb3 Rc7 30. a5 Rfc8 31. Ra4 Rc4 32. Rxc4 Rxc4 33. Rxb7 Rc1+ 34.
Kh2 Ra1 35. b4 Ra4 36. Rb6 Kg6 37. g4 Kg5 38. Kg3 Ra3+ 39. f3 Rb3 40. Rxa6 Rxb4
41. Ra7 Kg6 42. h4 Ra4 43. h5+ Kh7 44. a6 Kg8 45. Ra8+ Kh7 46. a7 Ra3 47. Kf4
Ra4 48. Ke3 g6 49. hxg6+ fxg6 50. Re8 Rxa7 51. Rxe6 Kg7 52. Rd6 Ra3+ 53. Kf2 Ra5
54. Rd7+ Kf8 55. Kg3 g5 56. Rh7 Ra6 57. f4 Ra3+ 58. Kf2 gxf4 59. Rxh6 Kg7 60.
Rf6 Ra2+ 61. Kf3 Ra4 62. Rxf4 Ra3+ 63. Kg2 Kg6 64. Rf3 Ra4 65. Rd3 Kg5 66. Kf3
Ra6 67. Re3 Re6 68. Kg3 Kg6 69. Kf4 Re8 70. e6 Kf6 71. g5+ Ke7 72. Ke5 Rg8 73.
Kxd5 Rxg5+ 74. Re5 Rg6 75. Kc6 Rg1 76. Rc5 Kxe6 77. d5+ Ke7 78. d6+ Kd8 79. d7
Rd1 80. Rg5 Rc1+ 1/2-1/2

[Event "XXV OOM - Mistrzostwa Polski Juniorow Mlodszych - Dziewczeta do lat 14"]
[Site "Sielpia"]
[Date "1899-12-30"]
[Round "8.13"]
[White "Hals, Emilia"]
[Black "Anyz, Monika"]
[Result "0-1"]
[WhiteTitle "I"]
[BlackTitle "I+"]
[WhiteElo "1293"]
[BlackElo "1424"]

1. e4 c5 2. Nf3 Nc6 3. d4 cxd4 4. Nxd4 g6 5. Nc3 Bg7 6. Be3 Nf6 7. Be2 O-O 8. O-O
d6 9. h3 Bd7 10. Qd2 Rc8 11. f3 Nh5 12. Nxc6 bxc6 13. Bf2 Be5 14. Bc4 Bxh3 15.
gxh3 Qd7 16. Be3 Qxh3 17. Qg2 Qh4 18. Bg5 Bd4+ 19. Rf2 Bxf2+ 20. Qxf2 Qxg5+ 21.
Kf1 a5 22. Rd1 Rb8 23. b3 Qe5 24. Rd3 Nf4 25. Re3 Qh5 26. Ke1 d5 27. exd5 cxd5
28. Bf1 d4 29. Re4 Ne6 30. Nd5 Qxd5 31. Bc4 Qc5 32. Bxe6 fxe6 33. Rxd4 Qc3+ 34.
Rd2 Rxf3 35. Qe2 Re3 0-1

[Event "XXV OOM - Mistrzostwa Polski Juniorow Mlodszych - Dziewczeta do lat 14"]
[Site "Sielpia"]
[Date "1899-12-30"]
[Round "8.14"]
[White "Arciszewska, Zuzanna"]
[Black "Straczek, Wiktoria"]
[Result "1-0"]
[WhiteTitle "I"]
[BlackTitle "I"]
[WhiteElo "1370"]
[BlackElo "1257"]

1. d4 d5 2. Nf3 Nf6 3. Bg5 Bg4 4. e3 e6 5. Nbd2 Nbd7 6. c4 c6 7. Be2 Bd6 8. Rc1
O-O 9. O-O Rc8 10. e4 dxe4 11. Nxe4 Bb8 12. Bh4 Bf5 13. Nxf6+ Nxf6 14. Bg3 Bxg3
15. hxg3 Qb6 16. Qd2 Ne4 17. Qe3 Nf6 18. Qb3 Qxb3 19. axb3 c5 20. dxc5 Rxc5 21.
b4 Rc7 22. Rfd1 b6 23. Nd4 Bg6 24. Nb5 Re7 25. Rd2 a6 26. Nc3 Rd7 27. Rxd7 Nxd7
28. Rd1 Ne5 29. Rd6 Rb8 30. f4 Nxc4 31. Bxc4 b5 32. Bd3 Bxd3 33. Rxd3 Kf8 34.
Rd6 Ra8 35. Rb6 Ke7 36. Ne4 g6 37. Rb7+ Kf8 38. Ng5 h6 39. Nxf7 h5 40. Ne5 Rc8
41. Nxg6+ Ke8 42. Re7+ Kd8 43. Rxe6 Rc2 44. Rxa6 Rxb2 45. Ne5 Kc7 46. f5 Rxb4
47. f6 1-0

[Event "XXV OOM - Mistrzostwa Polski Juniorow Mlodszych - Dziewczeta do lat 14"]
[Site "Sielpia"]
[Date "1899-12-30"]
[Round "8.15"]
[White "Olszewska, Wiktoria"]
[Black "Skolska, Emilia"]
[Result "1-0"]
[WhiteTitle "I"]
[BlackTitle "I"]
[WhiteElo "1306"]
[BlackElo "1300"]

1. e4 e5 2. Nf3 Nc6 3. Bc4 Bc5 4. c3 d6 5. d4 exd4 6. cxd4 Bb6 7. Bb5 Bd7 8. O-O
Nf6 9. Nc3 O-O 10. h3 Re8 11. Bg5 Ne7 12. Bxf6 gxf6 13. Bd3 Kh8 14. Ne2 Rg8 15.
Ng3 Ng6 16. Qd2 c5 17. dxc5 dxc5 18. Qc3 Nf4 19. Bc4 Qe7 20. Rad1 Bc7 21. Rxd7
Qxd7 22. Qxf6+ Rg7 23. Nf5 Nh5 24. Qc3 b5 25. Nxg7 Nxg7 26. Bd5 Rc8 27. Ne5 Bxe5
28. Qxe5 Re8 29. Qf6 Re7 30. Rd1 Rxe4 31. Qxf7 Qxf7 32. Bxf7 Rd4 33. Rxd4 cxd4
34. Kf1 Nf5 35. Ke2 Nd6 36. Be6 Nc4 37. b3 Ne5 38. f4 Ng6 39. g3 Nf8 1-0

[Event "XXV OOM - Mistrzostwa Polski Juniorow Mlodszych - Dziewczeta do lat 14"]
[Site "Sielpia"]
[Date "1899-12-30"]
[Round "8.16"]
[White "Franek, Diana"]
[Black "Kieca, Aleksandra"]
[Result "1/2-1/2"]
[WhiteTitle "II"]
[BlackTitle "I"]
[WhiteElo "1256"]
[BlackElo "1475"]

1. e4 c5 2. Nf3 e6 3. d4 cxd4 4. Nxd4 a6 5. Bd3 Nc6 6. Nxc6 dxc6 7. Qe2 e5 8. Nd2
Qc7 9. b3 Nf6 10. Bb2 Bd6 11. Nc4 Bb4+ 12. c3 Bc5 13. Ne3 O-O 14. O-O Re8 15.
Rfd1 Be6 16. h3 Rad8 17. Bc2 Bc8 18. Qf3 Bxe3 19. Qxe3 Nh5 20. Kh2 Nf4 21. Bd3
Nxd3 22. Rxd3 Rxd3 23. Qxd3 Rd8 24. Qe2 Qd6 25. f3 f6 26. c4 Kf7 27. Bc3 g6 28.
Rc1 Ke6 29. Rc2 Qd3 30. Ba5 Qxe2 31. Rxe2 Rd3 32. Rd2 Rxd2 33. Bxd2 f5 34. c5
1/2-1/2

[Event "XXV OOM - Mistrzostwa Polski Juniorow Mlodszych - Dziewczeta do lat 14"]
[Site "Sielpia"]
[Date "1899-12-30"]
[Round "8.17"]
[White "Bugaj, Hanna"]
[Black "Uliasz, Katarzyna"]
[Result "1/2-1/2"]
[WhiteTitle "I"]
[BlackTitle "I"]
[WhiteElo "1363"]
[BlackElo "1270"]

1. d4 Nf6 2. Nf3 g6 3. e3 Bg7 4. Bd3 d6 5. Nbd2 O-O 6. O-O Nbd7 7. c3 Re8 8. e4
e5 9. Re1 d5 10. dxe5 Nxe5 11. Nxe5 Rxe5 12. f4 Re8 13. e5 Nd7 14. Nf3 Nc5 15.
Bc2 c6 16. Be3 Qe7 17. Qd2 Nd7 18. Nd4 Nb6 19. b3 Bd7 20. h3 Qf8 21. Bd3 f6 22.
exf6 Qxf6 23. Rac1 Nc8 24. Nf3 Nd6 25. Bd4 Rxe1+ 26. Rxe1 Qf8 27. Bxg7 Qxg7 28.
Ne5 Bf5 29. Bxf5 gxf5 30. Qd3 Ne4 1/2-1/2

[Event "XXV OOM - Mistrzostwa Polski Juniorow Mlodszych - Dziewczeta do lat 14"]
[Site "Sielpia"]
[Date "1899-12-30"]
[Round "8.18"]
[White "Czerwinska, Oliwia"]
[Black "Walendykiewicz, Martyna"]
[Result "1-0"]
[WhiteTitle "I"]
[BlackTitle "I"]
[WhiteElo "1303"]
[BlackElo "1175"]

1. e4 e5 2. Nf3 Nf6 3. Nc3 Nc6 4. Bc4 Bb4 5. d3 h6 6. Be3 d6 7. h3 Qe7 8. O-O O-O
9. Qe2 Bd7 10. a3 Ba5 11. Nh2 Bb6 12. Bxb6 axb6 13. f4 exf4 14. Rxf4 Be6 15. Bxe6
fxe6 16. Raf1 e5 17. R4f2 Nd4 18. Qd1 Nh7 19. Nd5 Qd7 20. c3 Ne6 21. Qg4 Rxf2
22. Rxf2 Rf8 23. Rxf8+ Nexf8 24. Qxd7 Nxd7 25. Nxc7 Nc5 26. Ne8 Nxd3 27. Nxd6
Nf6 28. Nf3 Nxb2 29. Nxe5 Na4 30. c4 Nc5 31. Nc8 Na4 32. Nd6 Nc5 33. Kf2 Nfxe4+
34. Nxe4 Nxe4+ 35. Ke3 Nd6 36. Kd4 Nf5+ 37. Ke4 Nd6+ 38. Kd5 Nc8 39. Ke6 Na7 40.
Kd7 b5 41. c5 b4 42. axb4 Nb5 43. Kc8 b6 44. cxb6 Nd6+ 45. Kc7 Ne8+ 46. Kc6 1-0

[Event "XXV OOM - Mistrzostwa Polski Juniorow Mlodszych - Dziewczeta do lat 14"]
[Site "Sielpia"]
[Date "1899-12-30"]
[Round "8.19"]
[White "Trybus, Dominika"]
[Black "Garbowska, Maja"]
[Result "1-0"]
[WhiteTitle "II+"]
[BlackTitle "I"]
[WhiteElo "1219"]
[BlackElo "1293"]

1. e4 e5 2. Nf3 Nc6 3. Bb5 a6 4. Bxc6 dxc6 5. Nc3 f6 6. d4 exd4 7. Qxd4 Qxd4 8.
Nxd4 c5 9. Nde2 b6 10. Bf4 Bd6 11. O-O-O Bxf4+ 12. Nxf4 Bd7 13. Ncd5 O-O-O 14.
f3 b5 15. Nh5 Re8 16. Nxg7 Re5 17. g4 Be8 18. Rhe1 Bg6 19. Rd2 c6 20. Ne3 Re7
21. Nef5 Bxf5 22. Nxf5 Ra7 23. Rd6 Kc7 24. Red1 Ra8 25. Re6 h5 26. gxh5 Rxh5 27.
Rdd6 Rxh2 28. Rxc6+ Kb7 29. Rb6+ Kc7 30. Rec6+ Kd7 31. Rxc5 Rh1+ 32. Kd2 Rh2+
33. Ke3 Nh6 34. Rb7+ Ke8 35. Nxh6 Rxh6 36. Rbc7 Kd8 37. f4 Rh3+ 38. Kd4 Rh4 39.
f5 Rh1 40. Kd5 Re1 41. Rf7 Ke8 42. Rxf6 Rd8+ 43. Ke5 Rd7 44. Rc8+ Ke7 45. Rff8
Rdd1 46. f6+ Kd7 47. Rfd8# 1-0

[Event "XXV OOM - Mistrzostwa Polski Juniorow Mlodszych - Dziewczeta do lat 14"]
[Site "Sielpia"]
[Date "1899-12-30"]
[Round "8.20"]
[White "Matusik, Zuzanna"]
[Black "Lajdamik, Anna"]
[Result "0-1"]
[WhiteTitle "I"]
[BlackTitle "I"]
[WhiteElo "1226"]
[BlackElo "1279"]

1. e4 c5 2. c4 Nc6 3. g3 e6 4. Bg2 Nf6 5. d3 d5 6. Ne2 dxe4 7. dxe4 Qxd1+ 8. Kxd1
Ng4 9. Ke1 Nb4 10. Na3 Bd7 11. f3 Ne5 12. b3 O-O-O 13. Kf2 f5 14. Nc3 Bc6 15.
exf5 Be7 16. fxe6 Nxf3 17. Bxf3 Rhf8 18. Bf4 Nd3+ 19. Ke3 Bxf3 20. Kxf3 Nxf4 21.
gxf4 Rd3+ 22. Ke4 Rxc3 23. Nb5 Rc2 24. Nxa7+ Kb8 25. Nb5 Rf2 26. Raf1 R8xf4+ 27.
Ke3 Rxf1 28. Rxf1 Rxf1 29. Ke4 Rf2 30. Nc3 Rxh2 31. Nd5 Bd6 32. a4 Re2+ 33. Kf5
Re5+ 34. Kg4 Rxd5 35. cxd5 Kc8 36. Kf5 Kd8 37. Ke4 h5 38. Kf5 h4 39. Kg4 g5 40.
a5 Ke7 41. Kxg5 h3 42. Kf5 h2 43. Ke4 h1=Q+ 44. Kd3 Qf1+ 45. Kc3 Be5+ 46. Kc2
Qe2+ 47. Kc1 Bb2+ 48. Kb1 Ba3 49. d6+ Kxd6 50. e7 Qb2# 0-1

[Event "XXV OOM - Mistrzostwa Polski Juniorow Mlodszych - Dziewczeta do lat 14"]
[Site "Sielpia"]
[Date "1899-12-30"]
[Round "8.21"]
[White "Reszka, Zofia"]
[Black "Baran, Dagmara"]
[Result "0-1"]
[WhiteTitle "I"]
[BlackTitle "I"]
[WhiteElo "1199"]
[BlackElo "1244"]

1. e4 e6 2. d4 d5 3. Bd3 c5 4. exd5 exd5 5. Nf3 Nf6 6. O-O c4 7. Be2 Bd6 8. b3
cxb3 9. axb3 O-O 10. c4 b6 11. h3 h6 12. Nc3 Bb7 13. Nb5 a6 14. Nxd6 Qxd6 15.
Ba3 Qd8 16. Bxf8 Qxf8 17. Bd3 Nc6 18. Bc2 Qd6 19. cxd5 Qxd5 20. Qd2 Rd8 21. Rad1
a5 22. Rfe1 Qd6 23. Qe3 Nb4 24. Bb1 Nbd5 25. Qd2 Nb4 26. Qe2 Nbd5 27. Qd2 Nb4
28. Ne5 Qd5 29. f3 Qxb3 30. Re3 Qd5 31. Ra3 Ba6 32. Ba2 Nxa2 33. Rxa2 Rc8 34.
Rb1 Qd6 35. Qb2 Nd5 36. Ra3 Nb4 37. Rd1 Re8 38. Qd2 f6 39. Ng4 Re2 40. Qc1 Qg3
41. Ne3 Nd5 42. Rd2 Re1+ 43. Qxe1 Qxe1+ 44. Nf1 Qxf1+ 45. Kh2 Qc1 46. Raa2 Qc7+
47. Kg1 b5 48. Rdc2 Qb6 49. Rd2 b4 50. Ra1 b3 51. Rb1 a4 52. Kh1 a3 0-1

[Event "XXV OOM - Mistrzostwa Polski Juniorow Mlodszych - Dziewczeta do lat 14"]
[Site "Sielpia"]
[Date "1899-12-30"]
[Round "8.22"]
[White "Pacho, Maria"]
[Black "Szewc, Dobromila"]
[Result "1-0"]
[WhiteTitle "II"]
[BlackTitle "I"]
[WhiteElo "1166"]
[BlackElo "1036"]

1. c4 f5 2. g3 Nf6 3. Bg2 g6 4. Nf3 Bg7 5. O-O O-O 6. d3 d6 7. Nc3 e5 8. Bd2 Nc6
9. a3 Qe8 10. Rb1 h6 11. b4 g5 12. e3 Qg6 13. Nd5 Nxd5 14. cxd5 Ne7 15. Qb3 Kh8
16. Rbc1 c6 17. dxc6 Nxc6 18. Rc2 Be6 19. Qb1 e4 20. dxe4 fxe4 21. Nd4 Bxd4 22.
exd4 Nxd4 23. Bc3 Kh7 24. Bxd4 Bf5 25. Rc7+ Rf7 26. Rxf7+ Qxf7 27. Bxe4 Bxe4 28.
Qxe4+ Kg8 29. Re1 Rc8 30. Bxa7 b5 31. Bd4 Rc4 32. Qe3 Rc8 33. Qe7 Qxe7 34. Rxe7
Ra8 35. Rd7 Rxa3 36. Rxd6 h5 37. Rh6 Ra4 38. Bc5 h4 39. gxh4 gxh4 40. Rxh4 1-0

[Event "XXV OOM - Mistrzostwa Polski Juniorow Mlodszych - Dziewczeta do lat 14"]
[Site "Sielpia"]
[Date "1899-12-30"]
[Round "8.23"]
[White "Grzyb, Anna"]
[Black "Scisla, Oliwia"]
[Result "1-0"]
[WhiteTitle "I"]
[BlackTitle "I++"]
[WhiteElo "1266"]
[BlackElo "1413"]

1. d4 c5 2. Nf3 e6 3. e4 d5 4. Nc3 Nf6 5. Bg5 dxe4 6. Bxf6 gxf6 7. Nxe4 cxd4 8.
Bb5+ Bd7 9. Bxd7+ Nxd7 10. Qxd4 e5 11. Qd5 b6 12. O-O Bc5 13. Rad1 O-O 14. Qxd7
Qxd7 15. Nxf6+ Kg7 16. Nxd7 Rfd8 17. Nxc5 bxc5 18. Nxe5 Rxd1 19. Rxd1 Re8 20.
Nf3 Re2 21. Rd2 Re7 22. Kf1 Rb7 23. b3 a5 24. Rd5 c4 25. Rxa5 cxb3 26. cxb3 1-0

[Event "XXV OOM - Mistrzostwa Polski Juniorow Mlodszych - Dziewczeta do lat 14"]
[Site "Sielpia"]
[Date "1899-12-30"]
[Round "8.24"]
[White "Retz, Agnieszka"]
[Black "Maslewska, Anna"]
[Result "1-0"]
[WhiteTitle "II+"]
[BlackTitle "I"]
[WhiteElo "1263"]
[BlackElo "1117"]

1. e4 e5 2. Nf3 Nc6 3. Bc4 Nf6 4. d3 h6 5. c3 d6 6. h3 Bd7 7. Bb3 Be7 8. Nbd2 O-O
9. Nf1 Kh8 10. Ng3 Nh7 11. Bc2 f5 12. exf5 Bxf5 13. d4 Bxc2 14. Qxc2 exd4 15.
cxd4 Bf6 16. Be3 Ng5 17. Nxg5 Bxg5 18. O-O Bxe3 19. fxe3 Qg5 20. Nf5 Ne7 21. Nxe7
Qxe3+ 22. Kh1 Qxe7 23. Rae1 Rxf1+ 24. Rxf1 c6 25. Qb3 b6 26. Rf7 Qe8 27. Qf3 d5
28. Qf5 Kg8 29. Rc7 a5 30. Qg4 Qf8 31. Rxc6 Kh8 32. Rxb6 Ra7 33. Qg3 Re7 34. Rb8
1-0

[Event "XXV OOM - Mistrzostwa Polski Juniorow Mlodszych - Dziewczeta do lat 14"]
[Site "Sielpia"]
[Date "1899-12-30"]
[Round "8.25"]
[White "Kulpa, Karolina"]
[Black "Kaznowska, Kinga"]
[Result "1-0"]
[WhiteTitle "I"]
[BlackTitle "II+"]
[WhiteElo "1381"]
[BlackElo "1037"]

1. e4 Nf6 2. e5 Nd5 3. d4 d6 4. Bc4 Nb6 5. Bb3 Nc6 6. e6 fxe6 7. Nf3 Qd7 8. Ng5
d5 9. O-O e5 10. c3 h6 11. Qh5+ Kd8 12. Nf7+ Ke8 13. Nxh8+ Kd8 14. Nf7+ Ke8 15.
Nxh6+ Kd8 16. Nf7+ Ke8 17. Nxe5+ Kd8 18. Nxd7 Bxd7 19. Bxd5 Nxd5 20. Qxd5 Ke8
21. Qh5+ Kd8 22. Qf7 Kc8 23. Qxf8+ Nd8 24. Bg5 Kb8 25. Qxd8+ Bc8 26. Bf4 b6 27.
Qxc7# g6 1-0

[Event "XXV OOM - Mistrzostwa Polski Juniorow Mlodszych - Dziewczeta do lat 14"]
[Site "Sielpia"]
[Date "1899-12-30"]
[Round "8.26"]
[White "Sivickis, Kornelia"]
[Black "Kot, Marta"]
[Result "1/2-1/2"]
[WhiteTitle "I"]
[BlackTitle "II"]
[WhiteElo "1209"]
[BlackElo "1218"]

1. e4 e5 2. Nf3 Nc6 3. Bc4 Bc5 4. c3 Nf6 5. d3 O-O 6. Nbd2 d5 7. Bb3 Qd6 8. Qe2
Re8 9. h3 a5 10. Nf1 a4 11. Bc2 d4 12. Ng3 b5 13. O-O Be6 14. Nh4 Ne7 15. Nf3
Ng6 16. Qd1 h6 17. Kh1 Bb6 18. Bd2 Qd7 19. cxd4 Bxd4 20. Nxd4 Qxd4 21. Bc3 Qd7
22. Qd2 c5 23. b4 c4 24. dxc4 Qxd2 25. Bxd2 Bxc4 26. Rfe1 Rad8 27. Be3 Bd3 28.
Bxd3 Rxd3 29. a3 Red8 30. Bc5 Re8 31. Red1 Rdd8 32. Kg1 Nf4 33. Be3 Ng6 34. Bc5
h5 35. f3 Nf4 36. Be3 1/2-1/2

[Event "XXV OOM - Mistrzostwa Polski Juniorow Mlodszych - Dziewczeta do lat 14"]
[Site "Sielpia"]
[Date "1899-12-30"]
[Round "9.1"]
[White "Mroz, Lena"]
[Black "Wikar, Martyna"]
[Result "0-1"]
[WhiteTitle "I++"]
[BlackTitle "k"]
[WhiteElo "1573"]
[BlackElo "2044"]

1. e4 c5 2. Nf3 Nc6 3. d4 cxd4 4. Nxd4 Nf6 5. Nc3 e5 6. Ndb5 d6 7. Bg5 a6 8. Na3
b5 9. Nd5 Be7 10. Bxf6 Bxf6 11. c3 Bg5 12. Nc2 Rb8 13. a4 bxa4 14. Ncb4 Nxb4 15.
Nxb4 Bd7 16. Bxa6 Qa5 17. Bd3 Rxb4 18. cxb4 Qxb4+ 19. Kf1 O-O 20. h4 Bd8 21. Qe2
Bb6 22. g4 Bd4 23. Kg2 Bxb2 24. Rab1 a3 25. Rhd1 Be6 26. Rd2 Rb8 27. g5 Qc3 28.
Rc2 Qd4 29. Bc4 d5 30. Bxd5 Bxd5 31. exd5 Qxd5+ 32. f3 h6 33. Rcxb2 Rxb2 34. Rxb2
axb2 35. Qxb2 hxg5 36. hxg5 e4 37. fxe4 Qxe4+ 38. Kg3 Kh7 39. Qb6 Qe1+ 40. Kf4
Qh4+ 41. Kf5 Qh3+ 42. Kf4 Qh2+ 43. Kg4 Qe2+ 44. Kf4 Qc4+ 45. Kg3 Qc3+ 46. Kf4
Qd2+ 47. Kg4 Qe1 48. Kf4 g6 49. Qc6 Qh4+ 50. Ke3 Qxg5+ 51. Kf2 Qf4+ 52. Kg2 Kh6
53. Qc3 Qg4+ 54. Kf2 Kg5 55. Ke1 Qg1+ 56. Ke2 f5 57. Qd2+ Kg4 58. Qb4+ f4 59.
Qd6 Qe3+ 60. Kf1 Qe4 61. Qd7+ Kg3 62. Qd8 Qc4+ 63. Ke1 Qc1+ 64. Ke2 f3+ 0-1